Estudios de criminología española (Record no. 22979)

MARC details
000 -LEADER
campo de control de longitud fija 00695nam a2200181 i 4500
001 - NÚMERO DE CONTROL
campo de control 22979
003 - IDENTIFICADOR DE NÚMERO DE CONTROL
campo de control ES-MaACL
005 - FECHA Y HORA DE LA ÚLTIMA TRANSACCIÓN
campo de control 20230906152805.0
007 - CAMPO FIJO DE DESCRIPCIÓN FÍSICA--INFORMACIÓN GENERAL
campo de control de longitud fija t|
008 - DATOS DE LONGITUD FIJA--INFORMACIÓN GENERAL
campo de control de longitud fija 021205s1938 sp ||||1| spa d
100 1# - ENTRADA PRINCIPAL--NOMBRE DE PERSONA
Nombre de persona Alvarez de Toledo y Valero, Ramón.
9 (RLIN) 20787
245 10 - MENCIÓN DEL TÍTULO
Título Estudios de criminología española
Resto del título : la criminalidad femenina en España y su estudio comparativo con la masculina /
Mención de responsabilidad, etc. por Ramón Alvarez de Toledo y Valero.
260 ## - PUBLICACIÓN, DISTRIBUCIÓN, ETC.
Lugar de publicación, distribución, etc. Granada :
Nombre del editor, distribuidor, etc. [s.n.,
Fecha de publicación, distribución, etc. 1938] (
Fabricante Imp. Paulino Ventura)
300 ## - DESCRIPCIÓN FÍSICA
Extensión 141 p. ;
Dimensiones 25 cm.
500 ## - NOTA GENERAL
Nota general Separata de: Boletín de la Universidad de Granada.
740 0# - ENTRADA AGREGADA--TÍTULO RELACIONADO/ANALÍTICO NO CONTROLADO
Título relacionado o analítico no controlado Boletín de la Universidad de Granada.
852 ## - LOCALIZACIÓN
Ubicación ES-MaACL
Número de control de estantería A-5170
Sublocalización o colección R.18086
Holdings
Estatus retirado Estado de pérdida Estado de daño No para préstamo Biblioteca de origen Biblioteca actual Ubicación en estantería Fecha de adquisición Fuente de adquisición Total de préstamos Signatura topográfica completa Código de barras Visto por última vez Precio de reemplazo Tipo de ítem Koha
        Biblioteca del Ateneo de Madrid Biblioteca del Ateneo de Madrid Sala Pecera Planta 1 17/01/2008     A-5170 1023671 23/02/2023 23/02/2023 Libro impreso